Victoire militaire française-Mort subite - Statistiques

Statistiques générales
  • Ce quiz a été pris 36 fois
  • Le résultat moyen est 5 sur 15
Answers on the Grid
Answers color-coded by a green-red scale on the quiz's grid according to % correct below.
Bataille de Crécy
Bataille de Reichshoffen
Bataille de Marignan
Bataille d'Azincourt
Bataille de Bouvines
Bataille de Castillon
Bataille de Saint-Quentin
Bataille de Rocroi
Bataille de Pavie
Bataille de Denain
Bataille de Valmy
Bataille de Fleurus
Bataille de Blenheim
Bataille de Rossbach
Bataille d'Austerlitz
Bataille d'Iéna
Bataille des Plaines d'Abraham
Bataille de Wagram
Bataille de la Moskova
Bataille de Trafalgar (navale)
Bataille de Leipzig
Bataille de Waterloo
Bataille de Magenta
Bataille de Solférino
Bataille de Sedan
Bataille de Charleroi
Bataille de France
Bataille de la Marne
Bataille de Verdun
Bataille de Diên Biên Phu
 
Statistiques - réponses
Réponse % Correct
Bataille d'Austerlitz
67%
Bataille de Marignan
63%
Bataille d'Iéna
52%
Bataille de la Marne
44%
Bataille de Solférino
44%
Bataille de Verdun
41%
Bataille de Bouvines
37%
Bataille de Valmy
37%
Bataille de Wagram
33%
Bataille de Magenta
22%
Bataille de Rocroi
22%
Bataille de Castillon
19%
Bataille de la Moskova
19%
Bataille de Fleurus
15%
Bataille de Denain
7%
Aucun quiz correspondant
Distribution des résultats
% des personnes avec chaque résultat
Percentile par nombre de réponses
Votre historique - résultats
Vous n’avez pas pris ce quiz